Introduction to condensed matter physics / (Record no. 29246)

000 -LEADER
fixed length control field 00521 a2200157 4500
020 ## - INTERNATIONAL STANDARD BOOK NUMBER
International Standard Book Number 1842653474
020 ## - INTERNATIONAL STANDARD BOOK NUMBER
International Standard Book Number 9781842653470
082 04 - DEWEY DECIMAL CLASSIFICATION NUMBER
Classification number 530.41
090 ## - LOCALLY ASSIGNED LC-TYPE CALL NUMBER (OCLC); LOCAL CALL NUMBER (RLIN)
-- 616
-- 616
100 1# - MAIN ENTRY--PERSONAL NAME
Personal name Barua, K. C.
245 10 - TITLE STATEMENT
Title Introduction to condensed matter physics /
Statement of responsibility, etc. K. C. Barua.
260 ## - PUBLICATION, DISTRIBUTION, ETC.
Place of publication, distribution, etc. [S.l.] :
Name of publisher, distributor, etc. Alpha Science Intl Ltd,
Date of publication, distribution, etc. 2007.
300 ## - PHYSICAL DESCRIPTION
Extent 313 p. ;
Dimensions 26 cm.
942 ## - ADDED ENTRY ELEMENTS (KOHA)
Institution code [OBSOLETE] SNS
Koha item type Book
Call number prefix 530.41 BAR
Holdings
Withdrawn status Lost status Damaged status Not for loan Permanent Location Current Location Date acquired Total Checkouts Full call number Barcode Date last seen Price effective from Koha item type
        School of Natural Sciences (SNS) School of Natural Sciences (SNS) 05/26/2016   530.41 BAR SNS0000766 05/26/2016 05/26/2016 Book
© 2023 Central Library, National University of Sciences and Technology. All Rights Reserved.